| 000 | 00511nam a22001937a 4500 | ||
|---|---|---|---|
| 003 | OSt | ||
| 005 | 20151028152515.0 | ||
| 008 | 130307t xxu||||| |||| 00| 0 eng d | ||
| 020 | _a1853263095 | ||
| 050 |
_aPE 1689 _b.W925 1993 |
||
| 082 |
_aIB 423.1 _bW89d 1993 |
||
| 245 |
_aThe wordsworth dictionary of idioms / _cSchwarz, C. M. Kirkpatrick, E. M. (CorpAuth). |
||
| 260 |
_aWare _bWordsworth _c 1993 |
||
| 300 |
_a432 p. ; _c 20 cm. |
||
| 562 | _e2 | ||
| 942 |
_2lcc _cBK |
||
| 999 |
_c2062 _d2062 |
||